QCM numéro des départements français - Statistiques

Statistiques générales
  • Ce quiz a été pris 118 fois
  • Le résultat moyen est 13 sur 15
Statistiques - réponses
Question Réponse % Correct
Var 83
100%
Vaucluse 84
100%
Ain 01
94%
Loiret 45
94%
Nord 59
94%
Rhône 69
94%
Gironde 33
88%
Pas-de-Calais 62
88%
Essonne 91
88%
Hautes-Alpes 05
82%
Ille-et-Vilaine 35
82%
Seine et Marne 77
82%
Yvelines 78
82%
Landes 40
76%
Mayotte 976
71%
Aucun quiz correspondant
Distribution des résultats
% des personnes avec chaque résultat
Percentile par nombre de réponses
Votre historique - résultats
Vous n’avez pas pris ce quiz